01349nam a2200349Ia 4500001001200000003000800012006001900020007001500039008004100054010001700095020003600112040002100148035002100169050002500190082001200215100003200227245009800259260006000357300001700417490004900434504005300483533015200536650002500688650001600713650003500729655002900764700002600793700002000819710001700839856012600856999001700982ebr10001676CaPaEBRm u cr cn|||||||||900202s1999 lau sb s001 0 eng d z 90032092  z0826212166 (v. 31 : alk. paper) aCaPaEBRcCaPaEBR a(OCoLC)61338955914aDD256.5b.V88 1999eb04a1932201 aVoegelin, Eric,d1901-1985.10aHitler and the Germansh[electronic resource] /cedited with an introduction by Ellis Sandoz. aBaton Rouge :bLouisiana State University Press,c1999. aviii, 295 p.0 aThe collected works of Eric Voegelin ;vv.31 aIncludes bibliographical references and indexes. aElectronic reproduction.bPalo Alto, Calif. :cebrary,d2009.nAvailable via World Wide Web.nAccess may be limited to ebrary affiliated libraries. 0aHistoryxPhilosophy. 0aPhilosophy. 0aPolitical sciencexPhilosophy. 7aElectronic books.2local1 aSandoz, Ellis,d1931-1 aWeiss, Gilbert.2 aebrary, Inc.40uhttp://site.ebrary.com/lib/rucke/Doc?id=10001676zAn electronic book accessible through the World Wide Web; click to view c19532d19532